01436cam a22003617a 4500003000500000005001700005008004100022010001000063011001000073035001000083040000900093090001000102100004000112245019500152260004000347300003100387502008200418590003700500590004100537590004100578590004100619590004100660590004200701650003100743650003400774650003400808650003400842901000700876942001000883949003600893999001700929952012800946CHAP20220329140122.0971013s1978 r 00010 d a47261 a48233 a52378 cCHAP aTesis00aValle Barrera, Ricardo del.911757713aLa asociación maíz-frijol del guía sembrada en surcos dobles (0.4 m entre pares de surcos) con calles anchas de dos metros, una alternativa para intercalar trigo en áreas de temporal aChapingo, Méx. :bEl autor,c1978 a274 h.b; gráfs. ; mapas aTesis (M.C. Esp. en Suelos) -- SARH. Colegio de Postgraduados. Rama de Suelos aALEPHb10c20130110lUCH01h1317 aBATCH-UPDb10c20130110lUCH01h0249 aBATCH-UPDb10c20130110lUCH01h2034 aBATCH-UPDb10c20130409lUCH01h2319 aBATCH-UPDb10c20130914lUCH01h1125 aCONVERSIONb10c20130109lUCH01h132614aCultivos asociados.93037014aFrijolxEspaciamiento.94337314aMaízxEspaciamiento.97094614aTrigoxEspaciamiento.9115021 aBK cTESIS bBCcTESd-116650eTS1i52378si c47261d47261 00102local4051708TESISaBCbBCcPA_TESISd2012-12-17fTESISl0oTesisp-116650r2019-12-31 00:00:00w2019-12-31yTESIS